000 01136nam a22003257a 4500
001 185
003 FISKH
005 20240306110857.0
008 230303b cb ||||| |||| 00| 0 eng d
040 _aDLC
_cDLC
_dDLC
_dFISKH
_beng
042 _alcac
050 0 0 _aPZ7.L5827
_bMu 1997
082 0 0 _a511
_221
100 1 _aLevy, Elizabeth,
_d1942-
245 1 0 _aMy life as a fifth-grade comedian /
_cElizabeth Levy.
250 _a1st ed.
260 _aNew York
_bScholastic
_c1997
300 _a184 p. ;
_c20 cm.
505 _aH
520 _aAlthough Bobby's father thinks that he might be expelled just like his older brother, with the encouragement of a new fifth-grade teacher, Bobby tries to channel his penchant for humor into a learning experience.
521 8 _a520
_bLexile
521 8 _aH
_bRaz-Plus
650 1 _aSchools
_xFiction.
650 1 _aJokes
_xFiction.
650 1 _aFathers and sons
_xFiction.
650 1 _aSelf-perception
_xFiction.
856 4 2 _3Publisher description
_uhttp://www.loc.gov/catdir/description/hc041/97003842.html
906 _a7
_bcbc
_corignew
_d1
_eocip
_f19
_gy-gencatlg
942 _2ddc
_cBK
_n0
999 _c185
_d185